<?xml version="1.0" encoding="UTF-8"?>
<marc:record xmlns:marc="http://www.loc.gov/MARC21/slim">
   <marc:leader>00000nam a2200000 a 4500</marc:leader>
   <marc:datafield ind1=" " ind2=" " tag="653">
      <marc:subfield code="a">DVD-Video</marc:subfield>
   </marc:datafield>
   <marc:datafield ind1=" " ind2=" " tag="653">
      <marc:subfield code="a">Literaturverfilmungen (Spielfilme auf DVD)</marc:subfield>
   </marc:datafield>
   <marc:datafield ind1=" " ind2=" " tag="653">
      <marc:subfield code="a">Horrorfilm, Splattermovie (Spielfilme auf DVD)</marc:subfield>
   </marc:datafield>
   <marc:datafield ind1="0" ind2="0" tag="245">
      <marc:subfield code="a">Friedhof der Kuscheltiere 2</marc:subfield>
   </marc:datafield>
   <marc:datafield ind1="0" ind2="0" tag="245">
      <marc:subfield code="b">Erwecke die Hölle</marc:subfield>
   </marc:datafield>
   <marc:datafield ind1=" " ind2="1" tag="264">
      <marc:subfield code="b">Paramount Pictures</marc:subfield>
      <marc:subfield code="c">1992</marc:subfield>
   </marc:datafield>
   <marc:datafield ind1="1" ind2=" " tag="490">
      <marc:subfield code="a">Widescreen Collection</marc:subfield>
   </marc:datafield>
   <marc:datafield ind1="1" ind2=" " tag="520">
      <marc:subfield code="a">Nach dem Roman von Stephen King.
 Darsteller: Edward Furlong, Anthony Edwards, Clancy Brown, Jared Rushton, Darlanne Fluegel
Regisseur(e): Mary Lambert
Nach dem Tod seiner Frau zieht der Tierarzt Chase Matthews mit seinem 13-jährigen Sohn Jeff nach Ludlow, um ein neues Leben anzufangen. Verfeindet mit den Jugendlichen aus der Nachbarschaft, verbündet sich Jeff mit einem anderen Außenseiter: Drew Gilbert. Drew lebt in ständiger Angst vor seinem brutalen Stiefvater Gus. Kaltblütig erschießt dieser Drews geliebten Hund. Um in zu retten, begraben die beiden Jungen den Hund auf dem indianischen Friedhof - ein Ort, der angeblich Tote zum Leben erweckt. Zu spät wird den Jungen klar, dass man manchmal einen toten Hund besser begraben lässt. Denn das Böse ist schon längst erwacht... </marc:subfield>
   </marc:datafield>
   <marc:datafield ind1="3" ind2=" " tag="024">
      <marc:subfield code="a">4010884503623</marc:subfield>
   </marc:datafield>
</marc:record>
